5HLuxD.jpg

KING HENRY VIII SENIOR AND PRIMARY SCHOOL LIBRARY OPAC

Valley of the giant skeletons / (Record no. 5017)

000 -LEADER
fixed length control field 00719cam a22001937a 4500
008 - FIXED-LENGTH DATA ELEMENTS--GENERAL INFORMATION
fixed length control field 100305r20072006nyuab j 000 1 eng d
010 ## - LIBRARY OF CONGRESS CONTROL NUMBER
LC control number 2010277451
020 ## - INTERNATIONAL STANDARD BOOK NUMBER
International Standard Book Number 9780545021326 (pbk.)
020 ## - INTERNATIONAL STANDARD BOOK NUMBER
International Standard Book Number 0545021324 (pbk.)
020 ## - INTERNATIONAL STANDARD BOOK NUMBER
International Standard Book Number 9781436427135 (lib. bdg.)
020 ## - INTERNATIONAL STANDARD BOOK NUMBER
International Standard Book Number 1436427134 (lib. bdg.)
050 00 - LIBRARY OF CONGRESS CALL NUMBER
Classification number PZ7
Item number .V2546 2007
100 1# - MAIN ENTRY--PERSONAL NAME
Personal name Stilton, Geronimo.
245 10 - TITLE STATEMENT
Title Valley of the giant skeletons /
Statement of responsibility, etc. Geronimo Stilton ; [illustrations by Claudio Cernuschi and Christian Aliprandi].
260 ## - PUBLICATION, DISTRIBUTION, ETC.
Place of publication, distribution, etc. New York, N.Y. :
Name of publisher, distributor, etc. Scholastic Inc.,
Date of publication, distribution, etc. c2007.
300 ## - PHYSICAL DESCRIPTION
Extent 110 p. :
Other physical details col. ill., col. maps ;
Dimensions 20 cm.
500 ## - GENERAL NOTE
General note English translation of La Valle degli Scheletri Giganti by Edizioni Piemme S.p.A.
942 ## - ADDED ENTRY ELEMENTS (KOHA)
Source of classification or shelving scheme
Holdings
Withdrawn status Lost status Source of classification or shelving scheme Damaged status Not for loan Collection code Permanent Location Current Location Shelving location Date acquired Full call number Barcode Date last seen Price effective from Koha item type Public note
          Fiction KH8 Primary School Library KH8 Primary School Library Fiction 2025-05-13 FIC STI KHPL000006971 2025-12-05 2025-05-13 Books - Fiction KH8 PRIMARY LIBRARY

Powered By KH8 IT Dept